| 000 | 00775nam a2200205Ia 4500 | ||
|---|---|---|---|
| 008 | 0000001989 usa 0000000000eng00 | ||
| 020 | _a896598918 | ||
| 090 | _aPRU00 R17k | ||
| 100 | 1 | _aRatcliff, Carter | |
| 245 | 1 | 0 |
_aKomar & Melamid _c/ text Carter Ratcliff ; editors Frayda Feldman, Nancy Grubb |
| 300 |
_a208 p. _c/ 27 cm. |
||
| 500 | _aCon el patronazgo del maestro venezolano Jesús Rafael Soto (q.e.p.d.) | ||
| 600 | 0 | 0 |
_aKOMAR, VITALY/ _xTRABAJOS PICTORICOS \ MELAMID, ALEKSANDR/ _xTRABAJOS PICTORICOS |
| 650 | 1 | 4 | _aARTE CONTEMPORANEO RUSO |
| 650 | 1 | 4 | _aARTE DISIDENTE RUSO |
| 650 | 1 | 4 | _aARTISTAS PLASTICOS RUSOS |
| 650 | 1 | 4 | _aPINTURA RUSA |
| 700 | 1 | _aFeldman, Frayda, ed. \ Grubb, Nancy, ed. | |
| 999 |
_c2504 _d2504 |
||
| 260 |
_aNew York : Abbeville Press _c1989 |
||